| 000 | 00761cam a22002653a 4500 | ||
|---|---|---|---|
| 001 | 24150 | ||
| 003 | PGUSA | ||
| 005 | 20140828083521.0 | ||
| 008 | 080103s2008||||xxu|||||s|||||000 1 eng d | ||
| 040 |
_aPGUSA _beng |
||
| 042 | _adc | ||
| 050 | 4 | _aPS | |
| 100 | 1 |
_aRichardson, Robert S. _q(Robert Shirley), _d1902-1981 |
|
| 245 | 1 | 0 |
_aDisturbing Sun _h[electronic resource] / _cRobert S. Richardson |
| 260 |
_bProject Gutenberg, _c2008 |
||
| 506 | _aPublic domain in the USA. | ||
| 516 | _aElectronic text | ||
| 653 | _aShort stories | ||
| 653 | _aScience fiction | ||
| 653 | _aSun -- Research -- Fiction | ||
| 700 | 1 |
_aFreas, Kelly, _d1922-2005 |
|
| 830 | 0 |
_aProject Gutenberg _v24150 |
|
| 856 | 4 | 0 | _uhttp://www.gutenberg.org/ebooks/24150 |
| 942 | _cEB | ||
| 999 |
_c253405 _d253405 |
||